000 00512nam a2200169Ia 4500
005 20250508162052.0
008 008 250505s9999 xx 000 0 eng d
037 _aBooks to be hide in OPAC
040 _aFEDL
_beng
_cFEDL
041 _aeng
_2eng
084 _a371.205, AME/O
_qFEDL
245 0 _aAmerican school superintendency : Thirtieth yearbook
245 0 _cAmerican Assoication of school administrators
300 _a663p.
942 _cHB
_h371.205, AME/O
999 _c1374185
_d1374185